Statistics for Manchester United Biggest Wins

Click here to take the quiz!

General Stats

  • This quiz has been taken 10 times
  • The average score is 2 of 7

Answer Stats

NOppositionNationalityScoreCompetitionSeasonScorers% Correct
3Ipswich TownEnglish9-0Premier League1994-95Keane, Cole (x5), Hughes (x2), Ince
75%
3SouthamptonEnglish9-0Premier League2020-21Wan Bissaka, Rashford, Bednarek (o.g), Cavani, Martial (x2), McTominay, Fernandes (pen), James
75%
1AnderlechtBelgian10-0European Cup (Preliminary Round)1956-57Violet (x4), Taylor (x3), Whelan (x2), Berry
50%
2Wolverhampton WanderersEnglish10-1First Division1892-93Donaldson (x3), Stewart (x3), Carson, Farman, Hendry, Hood
13%
3DarwenEnglish9-0First Division1898-99Bryant (x3), Cassidy (x3), Gillespie (x2), Radcliffe (o.g)
0%
3Walsall Town SwiftsEnglish9-0First Division1894-95Cassidy (x2), Donaldson (x2), Peters (x2), Smith (x2), Clarkin
0%
7Yeovil TownEnglish8-0F.A Cup1948-49Rowley (x5), Burke (x2), Miltten
0%

Score Distribution

Percentile by Number Answered

Percent of People with Each Score

Your Score History

You have not taken this quiz